00787nam a2200241 i 450000100060000000300090000600500170001500700030003200800410003502000180007608000150009408000130010910000290012224500780015126000390022930000270026860000190029565000340031470000250034885200330037399900170040695201220042392703ES-MaACL20230906181034.0t|050419s1991 xxk ||||1| eng d a0-14-013657-6 a929 Mahoma a297(091)1 aRodinson, Maxime.99814610aMohammed / cMaxime Rodinson ; translated from the french by Anne Carter. aLondon : bPenguin Books, c[1991] aXIX, 360 p. ; c20 cm.14aMahoma.975544 4aIslamismo-xHistoria.91363161 aCarter, Anne.935879 aES-MaACLjE-11000 bR.134961 c92703d92703 00104070aATENEOMbATENEOMcDEPO2d2008-01-17eSCl0oE-11000p1096777r2023-02-23 00:00:00w2023-02-23yMONOGRAFIA